000 00252nam a22001097a 4500
008 170116b xxu||||| |||| 00| 0 eng d
020 _a9780130304582
041 _aeng
080 _a618.2
245 _aMENTAL HEALTH NURSING
_cHOGAN, M.A
942 _2udc
_cBK
999 _c2912
_d2912